| 000 | 02640cam a22002654a 4500 | ||
|---|---|---|---|
| 005 | 20250605164227.0 | ||
| 008 | 250528s ||||||||||||||||||||||||d | ||
| 035 | _a20888 | ||
| 020 | _a9789603947530 | ||
| 040 |
_aGR-AtMCL _bgre _dGR-AtMCL _eAACR2 |
||
| 245 | 1 | _aABC στην Προστασία του Παιδιού / Τέταρτη Έκδοση | |
| 250 | _a4η | ||
| 260 |
_bΕκδόσεις Παρισιάνου, _c2014 |
||
| 300 | _a120 | ||
| 520 | _aΤο βιβλίο παρέχει ακριβείς και πρακτικές πληροφορίες πάνω στο ψυχολογικό πεδίο της Παιδιατρικής. Περιλαμβάνει κεφάλαια για τα τραύματα στην κοιλιακή χώρα, την παραμέληση και την αποτυχία της ευημερίας του παιδιού. Συνεργάτες, Πρόλογος, Η Κοινωνική Διάσταση της Παιδικής Κακοποίησης, Σκόπιμος Τραυματισμός: Η Προσέγγιση, Μώλωπες, Εγκαύματα, Κατάγματα, Κρανιοεγκεφαλικές Κακώσεις, Οφθαλμολογικές Εκδηλώσεις, Κακώσεις Σπλάχνων, Δηλητηρίαση, Κακοποίηση που Οδηγεί στον Θάνατο και Πνιγμονή, Σεξουαλική Κακοποίηση του Παιδιού: Κλινική Προσέγγιση, Σεξουαλική Κακοποίηση του Παιδιού: Ερμηνεία των Αποτελεσμάτων, Αδυναμία Σωματικής Αύξησης μη Οργανικής Αιτιολογίας, Παραμέληση, Συναισθηματική Κακοποίηση, Κατασκευασμένη ή Προκλητή Ασθένεια (Σύνδρομο Munchausen by Proxy), Ο Ρόλος της Ομάδας Λειτουργών Ψυχικής Υγείας Παιδιών και Εφήβων (ΨΥΠΕ), Ιατρικές Γνωματεύσεις, Κοινωνικοί Λειτουργοί και Προστασία του Παιδιού, Συσκέψεις Περιστατικών, Νομικό Πλαίσιο Παιδικής Φροντίδας, Σχετικά με τα Δικαστήρια, Διλήμματα, Ευρετήριο. | ||
| 700 | 1 |
_aMeadow Roy _96868 |
|
| 700 | 1 |
_aMok Jacqueline _96869 |
|
| 700 | 1 |
_aRosenberg Donna _96870 |
|
| 700 | 1 |
_aΜπακοπούλου Φλώρα _96871 |
|
| 700 | 1 |
_aΠερβανίδου Νένη _96872 |
|
| 700 | 1 |
_aΧρούσος Γεώργιος _96873 |
|
| 942 | _cBK | ||
| 999 |
_c5968 _d5968 |
||